[Event "Detroit (MCO/1/12)"]
[Site "?"]
[Date "1990.??.??"]
[Round "?"]
[White "Bailey, Greg"]
[Black "Williams, Ron"]
[Result "0-1"]
[WhiteElo "2080"]
[BlackElo "1605"]
[PlyCount "92"]
[EventDate "1990.??.??"]

{1/(12)} 1. d4 Nf6 2. Nf3 g6 3. g3 Bg7 4. Bg2 d5 5. c4 c6 6. Nc3 O-O 7. O-O Na6
8. Re1 Bf5 9. a3 Nc7 10. b3 Ne4 11. Bb2 Qd7 12. e3 Bg4 13. Qc2 Bf5 14. Nxe4
Bxe4 15. Qd2 f6 16. Rad1 g5 17. Qc3 Rac8 18. a4 b6 19. Ba3 Rfe8 20. b4 b5 21.
axb5 cxb5 22. c5 Qc6 23. Bb2 Ra8 24. Nd2 Bxg2 25. Kxg2 e5 26. Nb3 e4 27. Na5
Qe6 28. Qc2 Qf5 29. Qe2 g4 30. Rh1 Ne6 31. h4 Qf3+ 32. Qxf3 gxf3+ 33. Kh3 h5
34. Ra1 a6 35. Ra2 Bf8 36. Rha1 Nc7 37. g4 hxg4+ 38. Kxg4 Kf7 39. Kf5 Be7 40.
Rg1 Rh8 41. Nc6 Ne6 42. Nxe7 Kxe7 43. Raa1 Rxh4 44. Rg3 Rah8 45. Rxa6 R4h5+ 46.
Kg6 R8h6# 0-1

[Event "Detroit (MI Op/4/23)"]
[Site "?"]
[Date "1990.??.??"]
[Round "?"]
[White "Bailey, Greg"]
[Black "Raftshol, W."]
[Result "1-0"]
[WhiteElo "2070"]
[BlackElo "1870"]
[PlyCount "40"]
[EventDate "1990.??.??"]

{4/(23)} 1. f4 e5 2. fxe5 d6 3. Nf3 dxe5 4. Nxe5 Bd6 5. Nf3 Nf6 6. d3 Ng4 7.
Bg5 f6 8. Bh4 g5 9. Bf2 Nxf2 10. Kxf2 g4 11. Nfd2 f5 12. g3 Bc5+ 13. e3 O-O 14.
Nb3 Qd5 15. d4 Bd6 16. N1d2 Qf7 17. Bc4 Be6 18. Bxe6 Qxe6 19. Qe2 Nc6 20. Qc4
Rae8 1-0

[Event "Detroit (RVO/5)"]
[Site "?"]
[Date "1990.??.??"]
[Round "?"]
[White "Bailey, Greg"]
[Black "Noren, Kevin"]
[Result "0-1"]
[WhiteElo "2105"]
[BlackElo "2295"]
[PlyCount "130"]
[EventDate "1990.??.??"]

1. f4 c5 2. c4 Nf6 3. g3 d5 4. cxd5 Nxd5 5. Bg2 g6 6. Nc3 Nc7 7. Nf3 Bg7 8. O-O
O-O 9. d3 Nc6 10. Be3 b6 11. Ng5 Bb7 12. Rc1 e6 13. Bf2 Rc8 14. Qa4 Qd7 15. b3
Rfd8 16. Nce4 Nd5 17. Nf3 f5 18. Ned2 Nc3 19. Rxc3 Bxc3 20. Qc4 Bf6 21. Ng5
Bxg5 22. fxg5 Nd4 23. Bxd4 cxd4 24. Qb4 Bxg2 25. Kxg2 Qd6 26. Qxd6 Rxd6 27. Nc4
Rd5 28. a4 Kf8 29. Kf3 Ke7 30. Kf4 b5 31. axb5 Rxb5 32. Ra1 Rc7 33. Ra3 Rcb7
34. Na5 e5+ 35. Kf3 Rc7 36. Nc4 Ke6 37. Ra6+ Kd5 38. Rd6+ Kc5 39. Re6 e4+ 40.
Kf4 exd3 41. exd3 Rxb3 42. Ne5 a5 43. Ra6 Kb5 44. Rd6 a4 45. Rd5+ Rc5 46. Rd7
Rc2 47. Rd5+ Ka6 48. Rxd4 a3 49. Rd6+ Rb6 50. Rd8 a2 51. Ra8+ Kb7 52. Ra4 Rb1
53. h4 a1=Q 54. Rxa1 Rxa1 55. h5 Rf1+ 56. Ke3 Re1+ 57. Kd4 Rxe5 58. Kxe5 Kc7
59. hxg6 hxg6 60. d4 Rc6 61. d5 Rd6 62. Kd4 Kd7 63. Ke5 Ke7 64. Kd4 Ra6 65. Ke5
Ra5 0-1

[Event "Detroit (MCO/4/12)"]
[Site "?"]
[Date "1990.??.??"]
[Round "?"]
[White "Bailey, Greg"]
[Black "Nixon, Peter"]
[Result "1-0"]
[WhiteElo "2080"]
[BlackElo "1605"]
[PlyCount "51"]
[EventDate "1990.??.??"]

{4/(12)} 1. f4 Nf6 2. Nf3 d6 3. g3 g6 4. b3 Bg7 5. Bb2 c5 6. Bg2 Nc6 7. O-O O-O
8. c4 Re8 9. d3 Bd7 10. e4 e5 11. fxe5 Nxe5 12. Nxe5 dxe5 13. Nc3 Ng4 14. Nd5
Be6 15. Qf3 Bxd5 16. cxd5 Nf6 17. Bc1 Qc7 18. Bg5 Nh5 19. Rac1 Rf8 20. Be3 b6
21. b4 f5 22. bxc5 fxe4 23. cxb6 exf3 24. bxc7 e4 25. dxe4 Be5 26. Bh3 1-0

[Event "Flint (MEX/1)"]
[Site "?"]
[Date "1990.??.??"]
[Round "?"]
[White "Bailey, Greg"]
[Black "Mazuchowski, Tom"]
[Result "0-1"]
[WhiteElo "2080"]
[BlackElo "2225"]
[PlyCount "106"]
[EventDate "1990.??.??"]

1. f4 Nf6 2. Nf3 c5 3. g3 d6 4. Bg2 Nc6 5. c4 g6 6. b3 Bg7 7. Bb2 O-O 8. O-O
Bg4 9. d3 Qd7 10. Nc3 Bh3 11. Qd2 Bxg2 12. Kxg2 e6 13. e4 d5 14. e5 Ng4 15.
cxd5 exd5 16. d4 Rfd8 17. dxc5 d4 18. Nd1 f6 19. exf6 Nxf6 20. Nf2 Qd5 21. Rac1
a5 22. Rc4 Rd7 23. Rd1 Rad8 24. Re1 h5 25. h3 Nh7 26. Ne4 Re8 27. Nf2 Rxe1 28.
Qxe1 Re7 29. Qd1 g5 30. Kh2 gxf4 31. gxf4 Qf5 32. Nd3 Re3 33. Nf2 Qxf4+ 34. Kg2
h4 35. Nxd4 Rg3+ 36. Kf1 Rxh3 37. Nf3 Qxf3 38. Qxf3 Rxf3 39. Bxg7 Kxg7 40. Rxh4
Nf6 41. Ke2 Rc3 42. Nd3 Rc2+ 43. Kd1 Rxa2 44. Kc1 Nd5 45. Nb2 Ncb4 46. Rh3 Ra1+
47. Kd2 Rg1 48. Nc4 Rg2+ 49. Kc1 a4 50. Kb1 Rc2 51. Na3 Nc3+ 52. Rxc3 Rxc3 53.
Kb2 Rxb3+ 0-1

[Event "Flint (MEX/3)"]
[Site "?"]
[Date "1990.??.??"]
[Round "?"]
[White "Bailey, Greg"]
[Black "Levine, H."]
[Result "1/2-1/2"]
[WhiteElo "2080"]
[BlackElo "2060"]
[PlyCount "100"]
[EventDate "1990.??.??"]

1. f4 c5 2. Nf3 Nc6 3. g3 g6 4. Bg2 d5 5. O-O Bg7 6. d3 Nf6 7. e3 O-O 8. Ne5
Qc7 9. d4 Bf5 10. c3 cxd4 11. exd4 Be4 12. Nd2 Bxg2 13. Kxg2 b5 14. a3 a5 15.
Qe2 b4 16. axb4 axb4 17. Rxa8 Rxa8 18. Qb5 Nxe5 19. fxe5 Rb8 20. Qd3 bxc3 21.
bxc3 Ne4 22. Nxe4 dxe4 23. Qxe4 Qxc3 24. Qf4 Qc6+ 25. Rf3 Rf8 26. Ba3 Qc2+ 27.
Rf2 Qc6+ 28. Rf3 Qc2+ 29. Kh3 Qc8+ 30. g4 h5 31. Bxe7 Bh6 32. Qe4 Re8 33. Bf6
Bg7 34. Bg5 Qe6 35. Qf4 Qd7 36. Kg3 hxg4 37. Qxg4 Qd5 38. Qf4 Rxe5 39. Bf6 Rf5
40. Qb8+ Kh7 41. Rxf5 Qxf5 42. Bxg7 Kxg7 43. Qd6 Qd3+ 44. Kf4 Qf5+ 45. Ke3 Qe6+
46. Qxe6 fxe6 47. Ke4 Kf6 48. h4 Ke7 49. Kf3 Kf6 50. Kf4 Kf7 1/2-1/2

[Event "Detroit (RVO/2)"]
[Site "?"]
[Date "1990.??.??"]
[Round "?"]
[White "Bailey, Greg"]
[Black "Jointer, William"]
[Result "1-0"]
[WhiteElo "2105"]
[BlackElo "1750"]
[PlyCount "71"]
[EventDate "1990.??.??"]

1. f4 e5 2. fxe5 Qh4+ 3. g3 Qe4 4. Nf3 d6 5. Nc3 Qc6 6. e4 Bg4 7. Bb5 f5 8. d4
fxe4 9. Bxc6+ Nxc6 10. Nxe4 O-O-O 11. e6 h6 12. Nf2 Bxe6 13. d5 Bxd5 14. Qxd5
Re8+ 15. Kf1 Nf6 16. Qf5+ Kb8 17. Kg2 Ne7 18. Qb5 a6 19. Qb3 Nc6 20. Re1 Rd8
21. c4 d5 22. cxd5 Rxd5 23. Bf4 g5 24. Be5 Nxe5 25. Rxe5 Rd7 26. Rd1 Bd6 27.
Re6 Rf8 28. Qa4 Rdf7 29. Ne5 Rg7 30. Rdxd6 cxd6 31. Rxd6 h5 32. Rxf6 Rc8 33.
Nd7+ Kc7 34. Qc4+ Kxd7 35. Qe6+ Kc7 36. Qd6# 1-0

[Event "Detroit (MI Op/7/13)"]
[Site "?"]
[Date "1990.??.??"]
[Round "?"]
[White "Bailey, Greg"]
[Black "Finegold, Mark"]
[Result "0-1"]
[WhiteElo "2070"]
[BlackElo "2240"]
[PlyCount "120"]
[EventDate "1990.??.??"]

{7/(13)} 1. f4 c5 2. Nf3 Nc6 3. g3 d6 4. Bg2 g6 5. c4 Bg7 6. O-O Nf6 7. Nc3 O-O
8. e4 a6 9. d3 e6 10. Kh1 Rb8 11. a4 b6 12. Be3 Bb7 13. Qd2 Na5 14. Rae1 d5 15.
cxd5 exd5 16. Bg1 dxe4 17. dxe4 Qxd2 18. Nxd2 Rfd8 19. Rd1 Bf8 20. e5 Bxg2+ 21.
Kxg2 Ne8 22. Nde4 Nc6 23. Rxd8 Rxd8 24. Rd1 Rxd1 25. Nxd1 Kg7 26. Ne3 Nc7 27.
Nc4 Nd5 28. Nc3 Nxc3 29. bxc3 b5 30. axb5 axb5 31. Nb6 b4 32. cxb4 cxb4 33. Na4
f6 34. exf6+ Kxf6 35. Kf3 Ke6 36. Ke4 b3 37. Kd3 Kf5 38. Kc3 Na5 39. Bb6 Bg7+
40. Bd4 Bxd4+ 41. Kxd4 Kg4 42. Ke5 Kh3 43. Nb2 Kxh2 44. g4 Kg3 45. f5 Kxg4 46.
f6 Nc6+ 47. Kd6 Nd8 48. Ke7 Kg5 49. Nd3 h5 50. Nc5 b2 51. Ne4+ Kf5 52. Nd6+ Kg4
53. Kxd8 b1=Q 54. f7 Qb6+ 55. Kd7 Qf2 56. Ke7 Qe3+ 57. Kf6 Qd4+ 58. Ke6 Qh8 59.
Ke7 Qe5+ 60. Kd7 Qf6 0-1

[Event "Detroit (MI Op/2/24)"]
[Site "?"]
[Date "1990.??.??"]
[Round "?"]
[White "Bailey, Greg"]
[Black "Davis, J."]
[Result "1-0"]
[WhiteElo "2070"]
[BlackElo "1845"]
[PlyCount "146"]
[EventDate "1990.??.??"]

{2/(24)} 1. f4 d5 2. Nf3 Nf6 3. g3 c5 4. Bg2 Nc6 5. O-O Qc7 6. b3 e5 7. fxe5
Nxe5 8. Bb2 Nxf3+ 9. Rxf3 d4 10. Na3 Be7 11. c3 Bg4 12. Rf2 d3 13. Bf3 dxe2 14.
Qxe2 Bxf3 15. Rxf3 O-O 16. Raf1 Rae8 17. c4 Bd8 18. Qd1 a6 19. Rxf6 Bxf6 20.
Rxf6 Re4 21. Rf1 Rfe8 22. Nc2 Qc6 23. Qf3 Qe6 24. Ne3 b5 25. cxb5 axb5 26. Qf5
Qe7 27. Nd5 Qa7 28. Nf6+ gxf6 29. Qxf6 Rd4 30. b4 Re6 31. Qg5+ Rg6 32. Qe3 Rd8
33. bxc5 Qxa2 34. Qc3 Kf8 35. Qh8+ Ke7 36. Re1+ Kd7 37. Qd4+ Kc8 38. Qc3 Qd5
39. d4 h5 40. Re5 Qd7 41. Rxh5 Qg4 42. Re5 Rf6 43. d5 b4 44. Qd3 Qf3 45. Qxf3
Rxf3 46. d6 Kd7 47. Kg2 Rd3 48. Re7+ Kc6 49. Rc7+ Kb5 50. Bf6 Ra8 51. d7 b3 52.
d8=Q Raxd8 53. Bxd8 Rxd8 54. Rb7+ Kc4 55. c6 Rc8 56. c7 Kc3 57. Kf3 Kc2 58. Ke4
b2 59. Ke5 b1=Q 60. Rxb1 Kxb1 61. Kd6 Kc2 62. Kd7 Rxc7+ 63. Kxc7 Kd3 64. Kd6
Ke4 65. h4 Kf5 66. Ke7 Kg6 67. g4 f5 68. h5+ Kg5 69. h6 f4 70. h7 Kxg4 71. h8=Q
Kg3 72. Qg7+ Kf2 73. Qd4+ Kg3 1-0

[Event "Detroit (MI Op/6/10)"]
[Site "?"]
[Date "1990.??.??"]
[Round "?"]
[White "Bailey, Greg"]
[Black "Avery, Robert W"]
[Result "0-1"]
[WhiteElo "2070"]
[BlackElo "2205"]
[PlyCount "82"]
[EventDate "1990.??.??"]

{6/(10)} 1. f4 e5 2. fxe5 d6 3. exd6 Bxd6 4. Nf3 g5 5. g3 g4 6. Nh4 Nf6 7. Nc3
Nh5 8. Ne4 Be7 9. Ng2 f5 10. Nf2 Nc6 11. d3 Bd6 12. Bf4 Bxf4 13. Nxf4 Nxf4 14.
gxf4 Qf6 15. c3 Bd7 16. Qd2 O-O-O 17. O-O-O Be6 18. Kb1 Bd5 19. e4 fxe4 20.
Nxg4 Qe6 21. Bh3 Kb8 22. Rhe1 Bxa2+ 23. Kc1 Na5 24. Qf2 Bb3 25. f5 Qc6 26. d4
Qa4 27. Kd2 Nc4+ 28. Ke2 Bxd1+ 29. Rxd1 Nxb2 30. Rd2 Qb5+ 31. Ke3 Nc4+ 32. Kf4
Nxd2 33. Qxd2 Qb1 34. Ne5 Rhf8 35. Qe3 a5 36. Bg2 Rf6 37. Bxe4 Qb2 38. Kg5 Rfd6
39. f6 Rf8 40. f7 Qxh2 41. Ng4 h6+ 0-1

[Event "Lansing (Jan)"]
[Site "?"]
[Date "1990.??.??"]
[Round "?"]
[White "Bagherabadi, Mohammed"]
[Black "Noren, Kevin"]
[Result "1/2-1/2"]
[WhiteElo "2120"]
[BlackElo "2285"]
[PlyCount "182"]
[EventDate "1990.??.??"]

1. d4 e6 2. e4 d5 3. Nc3 Bb4 4. e5 c5 5. a3 Bxc3+ 6. bxc3 Ne7 7. f4 Nbc6 8. Nf3
Qa5 9. Bd2 cxd4 10. cxd4 Qa4 11. c3 Qxd1+ 12. Kxd1 Bd7 13. a4 Na5 14. Bb5 Bxb5
15. axb5 Nc4 16. Ke2 f6 17. Rhb1 Kd7 18. Bc1 h5 19. h4 Nf5 20. Nd2 Nxd2 21.
Kxd2 Nxh4 22. Ba3 Nf5 23. Ra2 Rh6 24. Ke2 Ng3+ 25. Kd3 Ne4 26. f5 exf5 27. Rf1
Ke6 28. Bc5 fxe5 29. Bxa7 Rg6 30. dxe5 Rg3+ 31. Rf3 h4 32. Rxg3 hxg3 33. c4
dxc4+ 34. Kxc4 g5 35. Ra1 g4 36. Kd4 Nf2 37. Ke3 Ne4 38. Bd4 Rxa1 39. Bxa1 Nc5
40. Bb2 Nd7 41. Kf4 Nb6 42. Ba1 Nc4 43. Bc3 Na3 44. b6 Nc4 45. Bd4 Na5 46. Ba1
Nc6 47. Bc3 Ne7 48. Kg5 Nd5 49. Bd4 Nb4 50. Kf4 Nd3+ 51. Kxg3 Nxe5 52. Bg1 Nd3
53. Bd4 Kd5 54. Bf6 Ke4 55. Bd8 Ne5 56. Bg5 Nc4 57. Bd8 Ne3 58. Bc7 Nd5 59. Bd8
Nc3 60. Bc7 Ne2+ 61. Kf2 Kd3 62. g3 Nc3 63. Bd8 Ne4+ 64. Kg2 Ke2 65. Bc7 Kd3
66. Kf1 Nc3 67. Kf2 Nd5 68. Bd8 Ke4 69. Bc7 Kd3 70. Bd8 Kc4 71. Ke2 f4 72. gxf4
Nxf4+ 73. Kf2 Nd5 74. Kg3 Ne3 75. Bc7 Kd3 76. Bf4 Ke4 77. Bc7 Kf5 78. Bd8 Nd5
79. Bc7 Nc3 80. Kg2 Ne4 81. Bb8 g3 82. Bc7 Kg4 83. Bb8 Kf5 84. Bc7 Ke6 85. Bf4
Kd5 86. Be3 Kc4 87. Bg1 Nc3 88. Kf3 Kb5 89. Bd4 Nd5 90. Kxg3 Nxb6 91. Kf3 Na4
1/2-1/2

[Event "Flint (MEX/3)"]
[Site "?"]
[Date "1990.??.??"]
[Round "?"]
[White "Avery, Robert W"]
[Black "Rogers, Bradley"]
[Result "1-0"]
[WhiteElo "2210"]
[BlackElo "2230"]
[PlyCount "89"]
[EventDate "1990.??.??"]

1. c4 e5 2. Nc3 f5 3. Nf3 d6 4. d4 e4 5. Ng5 Nf6 6. h4 c6 7. d5 h6 8. Nh3 Be7
9. Nf4 O-O 10. Ng6 Re8 11. Bf4 Qb6 12. Nxe7+ Rxe7 13. Bxd6 Qxb2 14. Na4 Qxa1
15. Qxa1 Rd7 16. Qe5 Na6 17. e3 Rd8 18. dxc6 bxc6 19. c5 Nb4 20. Bc4+ Kh8 21.
O-O Bd7 22. Nc3 Re8 23. Qd4 a5 24. Rb1 Nc2 25. Qd2 Na3 26. Bf7 Nxb1 27. Nxb1
Red8 28. Na3 Bc8 29. Nc4 Ra7 30. Ne5 Bb7 31. Be6 Rda8 32. Bxf5 a4 33. a3 Ra5
34. g4 Rb5 35. g5 Nd5 36. Bxe4 Re8 37. Qd1 Re6 38. Qg4 Bc8 39. Ng6+ Kg8 40. Bf5
Rxg6 41. Bxc8 hxg5 42. hxg5 Nf6 43. Qf5 Kh7 44. Be6 Nh5 45. Bf7 1-0

[Event "Detroit (MI Op/7/7)"]
[Site "?"]
[Date "1990.??.??"]
[Round "?"]
[White "Avery, Robert W"]
[Black "Palmer, Tony"]
[Result "1-0"]
[WhiteElo "2205"]
[BlackElo "1990"]
[PlyCount "63"]
[EventDate "1990.??.??"]

{7/(7)} 1. c4 Nf6 2. Nc3 e6 3. d4 Bb4 4. Qc2 Nc6 5. Nf3 d6 6. a3 Bxc3+ 7. Qxc3
a5 8. b3 Qe7 9. Bb2 Ne4 10. Qc2 f5 11. e3 O-O 12. Be2 e5 13. O-O b6 14. Bd3
exd4 15. exd4 Ng5 16. Nxg5 Qxg5 17. d5 Ne7 18. f4 Qh6 19. Rf3 Rf7 20. Qf2 b5
21. Rh3 Qg6 22. Re1 bxc4 23. Bxc4 Ba6 24. Re6 Qg4 25. Rh4 Qd1+ 26. Re1 Qxe1+
27. Qxe1 Ng6 28. Bxa6 Nxh4 29. Bb7 Rb8 30. Qxh4 Rxb7 31. Qd8+ Rf8 32. Qd7 1-0

[Event "Flint (MEX/1)"]
[Site "?"]
[Date "1990.??.??"]
[Round "?"]
[White "Avery, Robert W"]
[Black "Lehotzky, Attila"]
[Result "1-0"]
[WhiteElo "2210"]
[BlackElo "2065"]
[PlyCount "81"]
[EventDate "1990.??.??"]

1. c4 Nf6 2. Nc3 e6 3. e4 d5 4. e5 Nfd7 5. d4 dxc4 6. Bxc4 Nb6 7. Bb3 Bb4 8.
Qg4 Kf8 9. Bg5 Be7 10. h4 Nc6 11. Nf3 h6 12. Be3 Na5 13. Bc2 Nac4 14. O-O-O Nd5
15. Nxd5 Qxd5 16. Kb1 Qb5 17. Bb3 Na5 18. Nd2 Nxb3 19. Nxb3 a5 20. Rh3 a4 21.
Rg3 g6 22. Nc5 h5 23. Qe4 c6 24. Rf3 Ke8 25. Bg5 Bf8 26. Qf4 f5 27. exf6 Kf7
28. Qc7+ Kg8 29. f7+ Kh7 30. Bf6 a3 31. Rb3 Qe2 32. Rc1 Qxf2 33. Bxh8 Qf5+ 34.
Ka1 axb2+ 35. Rxb2 Kxh8 36. Qe5+ Bg7 37. Qxf5 exf5 38. Re1 b6 39. Re8+ Kh7 40.
Nd7 Ra7 41. Nf6+ 1-0

[Event "Flint (MEX/4)"]
[Site "?"]
[Date "1990.??.??"]
[Round "?"]
[White "Avery, Robert W"]
[Black "Karklins, A."]
[Result "1/2-1/2"]
[WhiteElo "2210"]
[BlackElo "2400"]
[PlyCount "128"]
[EventDate "1990.??.??"]

1. c4 Nf6 2. Nc3 g6 3. e4 d6 4. d4 Bg7 5. f3 Nfd7 6. Be3 c5 7. Nge2 Nc6 8. Qd2
a6 9. d5 Na5 10. Nc1 Ne5 11. b3 b5 12. cxb5 O-O 13. Bh6 Bxh6 14. Qxh6 e6 15.
Nd3 Nxd3+ 16. Bxd3 axb5 17. O-O Qf6 18. Nxb5 exd5 19. Rad1 d4 20. Nc7 Ra7 21.
Nd5 Qg7 22. Qf4 Rd8 23. Bb5 Be6 24. Nf6+ Kh8 25. Ne8 Rxe8 26. Bxe8 Qf8 27. Qf6+
Kg8 28. Bb5 Qb8 29. Bd3 Nc6 30. Rf2 Nb4 31. Bb1 d5 32. Rdd2 Qb6 33. f4 dxe4 34.
Bxe4 Ra6 35. f5 Bd5 36. Qe5 Qd8 37. fxg6 hxg6 38. Bxd5 Nxd5 39. h4 Re6 40. Qg5
Re1+ 41. Rf1 Qxg5 42. hxg5 Re5 43. Rc1 Nc3 44. Ra1 Rxg5 45. a4 Re5 46. b4 cxb4
47. a5 Re7 48. a6 Ra7 49. Rb2 d3 50. Kf1 Kg7 51. Ke1 Nd5 52. Kd2 Nc7 53. Rxb4
Rxa6 54. Rxa6 Nxa6 55. Rc4 Nb8 56. Rc7 Na6 57. Rc6 Nb4 58. Rd6 Kf8 59. Kc3 Ke7
60. Rd4 Nc6 61. Re4+ Kf6 62. Kxd3 Nd8 63. Kd4 Ne6+ 64. Kd5 Kf5 1/2-1/2

[Event "Detroit (MI Op/4/7)"]
[Site "?"]
[Date "1990.??.??"]
[Round "?"]
[White "Avery, Robert W"]
[Black "Jarosz, Stan"]
[Result "0-1"]
[WhiteElo "2205"]
[BlackElo "2050"]
[PlyCount "74"]
[EventDate "1990.??.??"]

{4/(7)} 1. d4 d5 2. c4 e6 3. Nc3 Be7 4. Nf3 Nf6 5. Bg5 h6 6. Bh4 O-O 7. e3 b6
8. cxd5 Nxd5 9. Nxd5 exd5 10. Bxe7 Qxe7 11. Rc1 Be6 12. Qa4 c5 13. dxc5 bxc5
14. Be2 Qb7 15. Qa3 Nd7 16. O-O Rfb8 17. Rc2 Qb4 18. Qxb4 Rxb4 19. Rfc1 Rab8
20. b3 a5 21. Nd2 a4 22. Kf1 axb3 23. Nxb3 c4 24. Nd4 Rb2 25. f4 Rxc2 26. Rxc2
Rb1+ 27. Kf2 Nc5 28. f5 Ne4+ 29. Kf3 Bd7 30. Kf4 Ba4 31. Rxc4 dxc4 32. Kxe4 Rc1
33. Bf3 Bd1 34. h4 Bxf3+ 35. Nxf3 Rd1 36. Nd4 c3 37. a4 Rxd4+ 0-1

[Event "Detroit (MI Op/2/21)"]
[Site "?"]
[Date "1990.??.??"]
[Round "?"]
[White "Avery, Robert W"]
[Black "Golonka, Stan"]
[Result "1-0"]
[WhiteElo "2205"]
[BlackElo "1955"]
[PlyCount "91"]
[EventDate "1990.??.??"]

{2/(21)} 1. e4 c5 2. Nf3 d6 3. d4 cxd4 4. Qxd4 Nc6 5. Bb5 Qa5+ 6. Nc3 Qxb5 7.
Nxb5 Nxd4 8. Nfxd4 Kd7 9. c4 a6 10. Nc3 b6 11. Be3 Rb8 12. a4 e6 13. Ke2 Nf6
14. f3 Be7 15. Rhd1 Kc7 16. Rd2 Rd8 17. Kd3 Nd7 18. b3 Ne5+ 19. Ke2 Nc6 20. Rc1
Nxd4+ 21. Bxd4 Bb7 22. g3 Bf8 23. e5 g6 24. exd6+ Bxd6 25. Bf6 Rd7 26. f4 Re8
27. Rcd1 Bc6 28. Be5 Red8 29. b4 Bxe5 30. Rxd7+ Rxd7 31. Rxd7+ Kxd7 32. fxe5
Bg2 33. Kf2 Bb7 34. Ke3 Kc6 35. Kd4 a5 36. b5+ Kc7 37. Ne4 Bxe4 38. Kxe4 Kb7
39. Kd4 Kc7 40. c5 Kb7 41. cxb6 Kxb6 42. g4 g5 43. Kc4 Kb7 44. Kc5 Kc7 45. b6+
Kb7 46. Kb5 1-0

[Event "Detroit (RVO/3)"]
[Site "?"]
[Date "1990.??.??"]
[Round "?"]
[White "Attaya, Jim"]
[Black "Johnson, P."]
[Result "1/2-1/2"]
[WhiteElo "1605"]
[BlackElo "1605"]
[PlyCount "116"]
[EventDate "1990.??.??"]

1. e4 c5 2. c3 e6 3. d4 cxd4 4. cxd4 Nf6 5. Nc3 a6 6. Nf3 Bb4 7. Bg5 h6 8. Bxf6
Qxf6 9. e5 Qe7 10. a3 Ba5 11. b4 Bxb4 12. axb4 Qxb4 13. Qd3 O-O 14. Rb1 Qa5 15.
Be2 Nc6 16. O-O Qd8 17. Ne4 b5 18. Nd6 Ne7 19. Nd2 Nd5 20. Qg3 f5 21. exf6 Qxf6
22. N2e4 Qxd4 23. Rfd1 Qa7 24. h3 Bb7 25. Bf3 Nf4 26. Kh2 Bd5 27. Rdc1 Rab8 28.
Qg4 Qd4 29. Rc7 Bxe4 30. Nxe4 Rbd8 31. Rd1 Qe5 32. Rcxd7 Nd5+ 33. g3 Rxd7 34.
Nc5 Rd6 35. Nd3 Qf6 36. Bg2 Rb6 37. Bxd5 exd5 38. Nf4 d4 39. Rd3 Rd6 40. h4 b4
41. Qd1 a5 42. f3 Qf5 43. h5 Rc8 44. Qb3+ Kh7 45. Rd2 Rc3 46. Qd1 b3 47. Kg1 a4
48. Qe2 Re3 49. Qf2 a3 50. Rxd4 Qb1+ 51. Kg2 Rxd4 52. Qxe3 Qb2+ 53. Kh3 a2 54.
Qe8 Rd6 55. Qe4+ g6 56. hxg6+ Rxg6 57. Qxg6+ Kh8 58. Qe8+ Kg7 1/2-1/2

[Event "Detroit (MOR/2/62)"]
[Site "?"]
[Date "1990.??.??"]
[Round "?"]
[White "Ashman, Brad"]
[Black "Weber, K."]
[Result "1-0"]
[WhiteElo "1605"]
[BlackElo "1605"]
[PlyCount "97"]
[EventDate "1990.??.??"]

{2/(62)} 1. d4 Nf6 2. Nc3 d5 3. Nf3 g6 4. Bf4 Bg7 5. e3 O-O 6. Be2 b6 7. O-O c5
8. Nb5 Na6 9. Ne5 Bb7 10. b3 h5 11. h3 Nd7 12. Nd3 Bc6 13. c4 Re8 14. Bf3 Bxb5
15. Bxd5 Bc6 16. Bxc6 e5 17. Nxe5 Nxe5 18. Bxe8 Qxe8 19. dxe5 Rd8 20. Qe2 Bxe5
21. Bxe5 Qxe5 22. Rad1 Re8 23. f4 Qxe3+ 24. Qxe3 Rxe3 25. Rd7 Re2 26. Rf2 Re1+
27. Rf1 Re2 28. Rf2 Re1+ 29. Kh2 Nb4 30. Rxa7 Nd3 31. Rf3 Nb4 32. f5 g5 33. Rg3
f6 34. h4 g4 35. a3 Nc2 36. Rd3 Nd4 37. b4 Kf8 38. bxc5 bxc5 39. Rc7 Nxf5 40.
Rd8+ Re8 41. Rxe8+ Kxe8 42. Rxc5 Ng7 43. a4 f5 44. g3 Kd7 45. Rb5 Kd6 46. a5
Ke6 47. a6 Ne8 48. Rc5 Nf6 49. a7 1-0

[Event "Detroit (MOR/6/55)"]
[Site "?"]
[Date "1990.??.??"]
[Round "?"]
[White "Ashman, Brad"]
[Black "Smith, Lester"]
[Result "0-1"]
[WhiteElo "1605"]
[BlackElo "1605"]
[PlyCount "78"]
[EventDate "1990.??.??"]

{6/(55)} 1. d4 d5 2. c4 c6 3. b3 Nf6 4. Nf3 Bf5 5. Nc3 e6 6. Bf4 Bd6 7. e3 Bxf4
8. exf4 Qa5 9. Qc1 Ne4 10. Nh4 O-O 11. Bd3 Qxc3+ 12. Ke2 Nd7 13. Qxc3 Nxc3+ 14.
Kd2 Bxd3 15. Kxd3 Ne4 16. Rhf1 Nd6 17. Rac1 dxc4+ 18. bxc4 Nf5 19. Nf3 c5 20.
dxc5 Nxc5+ 21. Ke2 Rfd8 22. Rfe1 Nd3 23. Rc2 Nxe1 24. Nxe1 Nd4+ 25. Kf1 Nxc2
26. Nxc2 Rd2 27. Nb4 Rb2 28. a3 Rd8 29. g3 Rdd2 30. Kg1 a5 31. Kg2 Rxb4 32.
axb4 axb4 33. c5 b3 34. c6 bxc6 35. Kh3 b2 36. Kg4 b1=Q 37. Kh3 Rxf2 38. Kg4
Qf5+ 39. Kh4 Rxh2# 0-1

[Event "Detroit (MOR/5/57)"]
[Site "?"]
[Date "1990.??.??"]
[Round "?"]
[White "Ashman, Brad"]
[Black "Bannister, K."]
[Result "0-1"]
[WhiteElo "1605"]
[BlackElo "1605"]
[PlyCount "74"]
[EventDate "1990.??.??"]

{5/(57)} 1. d4 d5 2. Nc3 Nf6 3. Nf3 g6 4. Bf4 a6 5. e3 Bg7 6. Bd3 O-O 7. O-O
Re8 8. Re1 Ng4 9. Ne5 Nxe5 10. Bxe5 Bh6 11. e4 c6 12. Qf3 Be6 13. Qe2 Nd7 14.
Bg3 Qb6 15. Be5 Qxb2 16. Na4 Qb4 17. Nc5 Nxc5 18. dxc5 Qxc5 19. Rab1 b5 20. c3
Qa7 21. Bd4 Qd7 22. e5 Rac8 23. Bc5 Bg4 24. f3 Be6 25. Be3 Bg7 26. Bf4 c5 27.
Bc2 Red8 28. Qd3 Qa7 29. Kh1 c4 30. Qe3 d4 31. cxd4 Qxd4 32. Qxd4 Rxd4 33. Re4
Rcd8 34. Bg3 Rd2 35. Rc1 Bh6 36. Bf4 Bxf4 37. Rxf4 Rxc2 0-1

[Event "Lansing (Mini-Swiss.3/3)"]
[Site "?"]
[Date "1990.??.??"]
[Round "?"]
[White "Asbury, Victor"]
[Black "Troupe, D."]
[Result "1-0"]
[WhiteElo "1605"]
[BlackElo "1605"]
[PlyCount "84"]
[EventDate "1990.??.??"]

{3/(3)} 1. c4 Nf6 2. Nc3 e6 3. g3 Bb4 4. Qb3 Nc6 5. Bg2 Bc5 6. d3 Nd4 7. Qd1
Bb4 8. Bd2 Rb8 9. e3 Nf5 10. Nge2 b6 11. O-O Bb7 12. a3 Be7 13. b4 Bxg2 14.
Kxg2 d5 15. cxd5 exd5 16. Qa4+ Qd7 17. Qxd7+ Kxd7 18. d4 c6 19. Rac1 Rhc8 20.
Ng1 Nd6 21. Nb1 h6 22. Nf3 Ke8 23. Ne5 Nfe4 24. Nxc6 Nxd2 25. Nxd2 Rb7 26. Nxe7
Rxc1 27. Rxc1 Kxe7 28. f3 b5 29. Rc5 Nc4 30. Nxc4 dxc4 31. e4 f6 32. Kf2 Ke6
33. Ke3 g6 34. d5+ Ke5 35. f4+ Kd6 36. Kd4 h5 37. e5+ fxe5+ 38. fxe5+ Kd7 39.
a4 a6 40. a5 Ke7 41. Rc6 Ra7 42. Rxg6 Rc7 1-0

[Event "Lansing (Mini-Swiss.4/2)"]
[Site "?"]
[Date "1990.??.??"]
[Round "?"]
[White "Asbury, Victor"]
[Black "Sobocinski, Mike"]
[Result "0-1"]
[WhiteElo "1605"]
[BlackElo "1720"]
[PlyCount "126"]
[EventDate "1990.??.??"]

{4/(2)} 1. c4 Nf6 2. Nc3 e6 3. g3 d5 4. cxd5 exd5 5. Bg2 Be7 6. e3 O-O 7. Nge2
Bf5 8. Qb3 Qc8 9. Nxd5 Nxd5 10. Qxd5 c6 11. Qb3 Be6 12. Qc2 Bg4 13. f3 Bh3 14.
O-O Bxg2 15. Kxg2 Nd7 16. d4 Nf6 17. a3 h5 18. h4 Re8 19. Bd2 c5 20. Bc3 Nd5
21. Qd3 c4 22. Qd2 Bxh4 23. e4 Nxc3 24. bxc3 Be7 25. Rh1 g6 26. a4 a6 27. Ra2
Qd8 28. Rb1 Rb8 29. Rab2 Qd7 30. Qc2 b5 31. axb5 axb5 32. Nf4 h4 33. g4 Qc7 34.
e5 Qd7 35. e6 Qd6 36. exf7+ Kxf7 37. Qe4 Bg5 38. Qd5+ Qxd5 39. Nxd5 Rb7 40.
Rxb5 Rxb5 41. Rxb5 Bd2 42. f4 Re2+ 43. Kf3 Re1 44. Rb7+ Ke6 45. Nc7+ Kd6 46. f5
gxf5 47. gxf5 Kc6 48. Rb2 Rf1+ 49. Ke2 Bxc3 50. Kxf1 Bxb2 51. f6 Kxc7 52. f7
Ba3 53. Ke2 h3 54. Kd2 h2 55. Kc3 h1=Q 56. Kxc4 Qf1+ 57. Kd5 Qxf7+ 58. Ke4 Kd6
59. Kd3 Kd5 60. Kc2 Kc4 61. d5 Qf2+ 62. Kd1 Kd3 63. d6 Qd2# 0-1

[Event "Detroit (RVO/4)"]
[Site "?"]
[Date "1990.??.??"]
[Round "?"]
[White "Asbury, Victor"]
[Black "Skidmore, Mike"]
[Result "0-1"]
[WhiteElo "1640"]
[BlackElo "1915"]
[PlyCount "64"]
[EventDate "1990.??.??"]

1. c4 c6 2. Nc3 Nf6 3. g3 e5 4. Bg2 Be7 5. e3 O-O 6. Nge2 d6 7. O-O Be6 8. d3
Qc8 9. f4 Bh3 10. Rf2 Bxg2 11. Kxg2 Ng4 12. Rf3 f5 13. h3 Nf6 14. fxe5 dxe5 15.
e4 fxe4 16. dxe4 Qe6 17. b3 Nbd7 18. Bb2 Nc5 19. Qc2 Rad8 20. Rd1 Rxd1 21. Qxd1
Ncxe4 22. Re3 Bc5 23. Rxe4 Nxe4 24. Nxe4 Qf5 25. Nxc5 Qf2+ 26. Kh1 Qxc5 27. Qg1
Qd6 28. Nc3 Qd3 29. Qg2 Qe3 30. Ne4 Rf3 31. Qc2 Rf1+ 32. Kg2 Qg1# 0-1